000 00569cam a2200145 4500500
005 20260208002455.0
041 _afre
042 _adc
100 1 0 _aNaepels, Michel
_eauthor
245 0 0 _aMichael Taussig, I Swear I Saw This. Drawings in Fieldwork Notebooks, Namely my Own. Chicago-London, University of Chicago Press, 2011, 174 p., bibl., index, ill.
260 _c2014.
500 _a59
786 0 _nL'Homme | 209 | 1 | 2014-03-01 | p. 171b-175b | 0439-4216
856 4 1 _uhttps://shs.cairn.info/revue-l-homme-2014-1-page-171b?lang=fr&redirect-ssocas=7080
999 _c1646544
_d1646544